00563 2200193 4500001002100000005001500021035002000036007000300056008004100059020002200100082001100122084001700133100002300150245007500173250001100248260004600259300004600305700001800351INLIS00000000000045220201217082353 a0010-1220000039ta201217 0 ind  a978-602-18651-7-0 a796.03 a796.03 AGU k0 aAgung Tri Haryanta1 aKamus Pendidikan Jasmani, Olahraga dan Kesehatan /cAgung Tri Haryanta acet. 2 aSurakarta :bAksarra Sinergi Media,c2017 aviii + 344 hal. :bilus. ;c14.8 x 21 cm.0 aEko Sujatmiko